00622nam a2200145Ia 4500008004100000050002800041100002500069245010400094260008600198300002800284521002700312942000700339999001900346952011100365140724s9999 xx 000 0 und d aQA 76.9.S88b.P125 2011 aPadua, Jyan Carlo P. aOnline registration system for Southville International School and Colleges /cJyan Carlo P. Padua. aLas Piñas, Philippines :bSouthville International School and Colleges,cc2011. a88 p. :bill. ;c28 cm. aInformation Technology cTH c228721d228721 001040aCLbCLcTHESESd2014-07-24l0oQA 76.9.S88 .P125 2011pT0075r2018-05-15 00:00:00w2014-07-24yTH